Estudio de prefactibilidad para la instalación de una planta procesadora de requesón dulce a partir de leche bovina en la ciudad de Estelí, Nicaragua
Estudio que tiene como fin determinar la factibilidad técnica económica del proyecto de fabricación de requesón dulce a partir de leche bovina o leche cortada, la cual se pretende aprovechar esta materia prima, por lo tanto la concepción de este proyecto ayuda a dar un mejor uso a través de la...
| Main Author: | |
|---|---|
| Other Authors: | |
| Format: | Tesis Section = Libro |
| Language: | Undetermined Spanish |
| Published: |
Managua
UNI
2014
|
| Subjects: |
| LEADER | 01321nam a2200265Ia 4500 | ||
|---|---|---|---|
| 008 | 240830s9999 xx 000 0 und d | ||
| 040 | |a BIBLIOTECA-RUPAP Mon 658.11 S112 | ||
| 041 | |a spa | ||
| 082 | |a Mon 658.11 S112 | ||
| 100 | 1 | |a Saavedra, Fidel Antonio | |
| 245 | 1 | 0 | |a Estudio de prefactibilidad para la instalación de una planta procesadora de requesón dulce a partir de leche bovina en la ciudad de Estelí, Nicaragua |
| 260 | |a Managua |b UNI |c 2014 | ||
| 300 | |a 126 p. :il. | ||
| 502 | |a Tesis (Ingeniero Industrial)- UNI, 2014. | ||
| 520 | 3 | |a Estudio que tiene como fin determinar la factibilidad técnica económica del proyecto de fabricación de requesón dulce a partir de leche bovina o leche cortada, la cual se pretende aprovechar esta materia prima, por lo tanto la concepción de este proyecto ayuda a dar un mejor uso a través de la elaboración del requesón dulce y brindar al consumidor un producto de alta calidad. | |
| 650 | 7 | |a EMPRESAS-PROYECTOS | |
| 650 | 7 | |b BOVINO-GANADO-NICARAGUA | |
| 650 | 7 | |c LECHE DE BOVINO-CONSERVAS ALIMENTICIAS-INDUSTRIA Y COMERCIO | |
| 650 | 7 | |d REQUESON DULCE-POSTRES NICARAGUENSES | |
| 650 | 7 | |e ANALISIS DE MERCADO | |
| 650 | 7 | |f ANALISIS FINANCIERO | |
| 700 | 1 | |a Tutor: |b Alfaro López, Yesser Adiath | |
| 942 | |c BK |2 ddc | ||
| 991 | |a TESIS | ||
| 999 | |c 17000 | ||